000 01219cam a22003014a 4500
999 _c129396
_d129396
001 13944171
003 ARRUPE
005 20190423123733.0
008 050427s2005 nyu b 001 0 eng
010 _a 2005012214
020 _a0809143798 (alk. paper)
040 _aDLC
_cDLC
_dDLC
042 _apcc
050 _aBT75.2.
_bZ11 2003
082 0 0 _a248.2
_222
100 1 _aLane, Dermot A.,
_d1941-
_945811
245 1 4 _aThe experience of God :
_ban invitation to do theology /
_cDermot A. Lane.
250 _aRev. ed.
260 _aNew York :
_bPaulist Press,
_c2005.
300 _a112 p. ;
_c21 cm.
504 _aIncludes bibliographical references (p. 100-110) and index.
505 0 _aExperience, God, and theology -- The nature of revelation -- The activity of faith.
650 0 _aExperience (Religion)
_945812
650 0 _aRevelation.
_99159
650 0 _aFaith.
_945813
856 4 1 _3Table of contents
_uhttp://www.loc.gov/catdir/toc/ecip0512/2005012214.html
906 _a7
_bcbc
_corignew
_d1
_eecip
_f20
_gy-gencatlg
942 _2lcc
_cMONOGRAPH